История распространения европейской мысли

التفاصيل البيبلوغرافية
المؤلف الرئيسي: Сю Чжениин
الملخص:Книга на китайском языке.
اللغة:الصينية
منشور في: Шанхай, Шанхайская библиотека, 2005
الموضوعات:
التنسيق: MixedMaterials كتاب
KOHA link:https://koha.lib.tpu.ru/cgi-bin/koha/opac-detail.pl?biblionumber=118356

MARC

LEADER 00000nam0a2200000 4500
001 118356
005 20231101215450.0
010 |a 754262055X 
035 |a (RuTPU)RU\TPU\book\128076 
090 |a 118356 
100 |a 20070609d2005 km y0rusy50 ca 
101 0 |a chi 
102 |a CN 
105 |a a z 000zy 
200 1 |a История распространения европейской мысли  |f Сю Чжениин 
210 |a Шанхай  |c Шанхайская библиотека  |d 2005 
215 |a 630 с.  |c ил. 
300 |a Книга на китайском языке. 
606 1 |a Западноевропейская философия  |x История  |2 stltpush  |3 (RuTPU)RU\TPU\subj\67547  |9 83304 
610 1 |a философия 
610 1 |a философская мысль 
610 1 |a Европа 
610 1 |a европейская философия 
610 1 |a история 
686 |a Ю3(4)  |v LBC/SL-A  |2 rubbk 
700 0 |a Сю Чжениин 
801 1 |a RU  |b 63413507  |c 20070609  |g PSBO 
801 2 |a RU  |b 63413507  |c 20220603  |g PSBO 
942 |c BK